| 000 | 00668nam a2200241Ia 4500 | ||
|---|---|---|---|
| 003 | OSt | ||
| 005 | 20251028103645.0 | ||
| 008 | 210210b1996 xxu||||| |||| 00| 0 eng d | ||
| 020 | _a0333608909 | ||
| 040 | _cAL | ||
| 041 | _aeng | ||
| 082 | _a820.9 PECC | ||
| 100 |
_aJohn Peck _9242935 |
||
| 245 |
_aColeridge, Keats and Shelley _b: New casebooks |
||
| 260 |
_aLondon _bMacmillan Press Ltd _c1996 |
||
| 300 | _axi,241p | ||
| 650 |
_aColeridge Keats Shelley critical Essays New Case Books _9242936 |
||
| 690 |
_aEnglish Criticism _9242937 |
||
| 700 |
_aCoyle, Martin _9242938 |
||
| 710 |
_aKitson, Peter J Ed _9242939 |
||
| 906 | _a056008 | ||
| 942 |
_2ddc _cBK |
||
| 999 |
_c103266 _d103266 |
||